| 000 | 00756nam a22002297a 4500 | ||
|---|---|---|---|
| 999 |
_c258 _d258 |
||
| 003 | AR-CdUCM | ||
| 008 | 190222b ||||| |||| 00| 0 spa d | ||
| 020 | _a8470760238 | ||
| 040 |
_aMUNICIPALIDAD PROVINCIAL DEL CUSCO _cBIBLIOTECA MUNICIPAL DEL CUSCO |
||
| 082 |
_a858.8 / _bSA164 |
||
| 100 |
_aSalgari, Emilio _9800 |
||
| 245 | _aEl Rey del Mar / | ||
| 260 |
_aMadrid : _bGahe, _c1974. |
||
| 300 |
_a172 paginas ; _b8 Ilustraciones. _c20 cm. |
||
| 505 | _aUna expedición nocturna -- Un audaz golpe de mano -- Un combate terrible -- Sir Moreland -- A la caza del "rey del Mar"... | ||
| 650 |
_aCigarrillo _91099 |
||
| 650 |
_aCapitan _9938 |
||
| 650 |
_aOceano _91100 |
||
| 650 |
_aMarineros _91027 |
||
| 942 |
_2ddc _cLIBROS |
||
| 945 |
_awnts _d2019-02-22 |
||